| 000 | 00343nam a2200133Ia 4500 | ||
|---|---|---|---|
| 008 | 240624s9999 xx 000 0 und d | ||
| 041 | _aeng | ||
| 082 | _a658 TRA | ||
| 100 | _aTRAVIS NIGEL | ||
| 245 | _aCHALLENGE CULTURE WHY THE MOST SUCCESSFU | ||
| 260 |
_c2018 _aNew York _bPublicAffairs |
||
| 300 | _aviii, 270 p.; 23 cm. | ||
| 365 |
_c _b33 |
||
| 999 |
_c32148 _d32148 |
||